<Die> Industrielle Entwicklung der OPEC - Staaten und ihre Rückwirkungen auf die Wirtschaft der Budesrepublik Deutschland

Salvato in:
Dettagli Bibliografici
Autore principale: Dicke, Hugo
Altri autori: Glismann, Hans H.
Natura: Libro
Lingua:tedesco
Pubblicazione: Kiel Institut für Weltwirtschaft 1985
Serie:Kieler Arbeitspapier Nr. 231
Tags: Aggiungi Tag
Nessun Tag, puoi essere il primo ad aggiungerne!!

MARC

LEADER 00000nam a2200000 4500
001 c107993
005 20220628111407.7
041 0 |a ger 
044 |a DE 
245 1 0 |a <Die> Industrielle Entwicklung der OPEC - Staaten und ihre Rückwirkungen auf die Wirtschaft der Budesrepublik Deutschland  |c Hugo Dicke, Hans H. Glismann 
264 1 |a Kiel  |b Institut für Weltwirtschaft  |c 1985 
300 |a 66 s. 
490 1 |a Kieler Arbeitspapier  |v Nr. 231 
830 0 |a Kieler Arbeitspapier  |v Nr. 231 
100 1 |a Dicke, Hugo 
700 1 |a Glismann, Hans H.